| 000 | 00646nam a2200229Ia 4500 | ||
|---|---|---|---|
| 008 | 160319s9999 xx 000 0 und d | ||
| 020 | _a971-93111-1-8 | ||
| 050 | _aFIL QA 303.2 | ||
| 050 | _b.C66 2004 c.4 | ||
| 100 | _aComandante, Felipe L., Jr. | ||
| 245 | _aCalculus : | ||
| 245 | _bconcepts and applications made easy / | ||
| 245 | _cFelipe L. Comandante, Jr. | ||
| 260 | _aCagayan De Oro City: | ||
| 260 | _b22 Karats Printing and Pub. House., | ||
| 260 | _c2004 | ||
| 300 | _a344 pages : | ||
| 300 | _billustrations ; | ||
| 300 | _c23 cm. | ||
| 650 | _aCalculus -- Textbooks. | ||
| 650 | _xCalculus -- Study and teaching. | ||
| 999 |
_c291831 _d291831 |
||